000 01098nmc a2200289 a 4500
003 AR-BaBNM
005 20251128204019.0
008 277019s1974 ||||||||||||||000 | spa||
040 _cAR-BaBNM
245 1 0 _aDesarrollo del currículum
250 _a1ª ed.
260 _aBuenos Aires
_bMarymar
_c1974
300 0 _a91 p.
_bdiagr., tablas
490 0 _aCurrículum
_vv. 2
500 0 _aContiene apéndices
500 0 _aOCDE: ORGANIZACION PARA LA COOPERACION Y EL DESARROLLO ECONOMICOS
500 1 _aCERI: CENTRO PARA LA INVESTIGACION E INNOVACION EN LA ENSENANZA funciona dentro del marco de la OCDE, de acuerdo con las decisiones del Consejo de la Organización y bajo la autoridad del Secretario General
650 4 _aCURRICULO
650 4 _aPLANIFICACION DEL CURRICULO
650 4 _aINVESTIGACION SOBRE EL CURRICULO
650 4 _aCENTRALIZACION
650 4 _aDESCENTRALIZACION
651 4 _aReino Unido
710 2 _aOrganización para la Cooperación y el Desarrollo Económico
_bCentro para la Investigación e Innovación en la Enseñanza
942 _cBK
998 _cSILVI
999 _c5812
_d5812